000 00541nam a2200193Ia 4500
005 20250508161047.0
008 008 250505s9999 xx 000 0 eng d
020 _a81-85586-44-6
037 _aTextual
040 _aFEDL
_beng
_cFEDL
041 _aeng
_2eng
084 _a808.066, BOW
_qFEDL
100 _aBowen Mary Elizabeth Ed.
_9770138
245 0 _aWriting about science
260 _aNew York, USA
_bOxford University Press
_c1979
300 _a353p.
942 _cTEXL
_h808.066, BOW
999 _c1368195
_d1368195